000 00712nam a2200181 4500
999 _c371336
_d371336
008 210108b ||||| |||| 00| 0 eng d
040 _aSTAFF
_bger
_cSTAFF
_erda
041 _ager
245 _aGrundsteinlegung für Wohn- und Geschäftshaus Große Oderstraße 25-28 in Frankfurt (Oder) am 1. Oktober 2021 /
_cWowi
264 _c2021
653 _aFrankfurt (Oder)
653 _aWohnungsbau
773 _dFrankfurt (Oder): Stadt Frankfurt (Oder) und Büro für Stadtplanung, -forschung und -erneuerung
_g(2021), Nr. 29, Dezember, S. 9
_tZentrum: Zeitschrift für das Sanierungsgebiet ehemalige Altstadt Frankfurt (Oder)
942 _cA